[Event "41st World U20 ch"]
[Site "Panaji IND"]
[Date "2002.12.15"]
[Round "8.43"]
[White "Pranjal, Phukan"]
[Black "Phanikanth, J. S. S."]
[Result "1-0"]
[WhiteElo "2059"]
[BlackElo "2012"]
[EventDate "2002.12.09"]
[PlyCount "77"]

1.e4 e5 2.Nf3 Nf6 3.Nxe5 d6 4.Nf3 Nxe4 5.d4 d5 6.Bd3 Bd6 7.O-O O-O 8.c4 c6
9.Nc3 Nxc3 10.bxc3 Bg4 11.h3 Bh5 12.cxd5 cxd5 13.g4 Bg6 14.Ng5 Qc7 15.Qc2 
Bxd3 16.Qxd3 g6 17.h4 Nd7 18.Nh3 Nf6 19.g5 Ne4 20.Bb2 Rac8 21.Rac1 Qc4 22.
Qxc4 Rxc4 23.Rfe1 Rfc8 24.Re3 b5 25.Rce1 Nxc3 26.Bxc3 Rxc3 27.Rxc3 Rxc3 
28.Re8+ Kg7 29.Kg2 b4 30.Rd8 Rc6 31.Kf3 Ra6 32.Kg4 h5+ 33.gxh6+ Kxh6 34.
Ng5 f5+ 35.Kf3 Ra3+ 36.Kg2 Be7 37.Rh8+ Kg7 38.Rh7+ Kf6 39.Rf7# 1-0

[Event "41st World U20 ch"]
[Site "Panaji IND"]
[Date "2002.12.16"]
[Round "9.2"]
[White "Yakovenko, Dmitry"]
[Black "Harikrishna, Pentala"]
[Result "1/2-1/2"]
[WhiteElo "2570"]
[BlackElo "2551"]
[EventDate "2002.12.09"]
[PlyCount "101"]

1.e4 e6 2.d4 d5 3.Nc3 Bb4 4.e5 c5 5.a3 Bxc3+ 6.bxc3 Ne7 7.Qg4 O-O 8.Bd3 
Nbc6 9.Qh5 Ng6 10.Nf3 Qc7 11.Be3 c4 12.Bxg6 fxg6 13.Qg4 Qf7 14.Ng5 Qe8 15.
h4 h6 16.Nh3 Qf7 17.Qe2 Ne7 18.g4 Bd7 19.Nf4 b5 20.Kf1 Kh8 21.Kg2 Qg8 22.
Raf1 Be8 23.Nh3 Qf7 24.f3 a5 25.Qd2 Kg8 26.Nf4 b4 27.cxb4 axb4 28.axb4 Ra2
29.Rf2 Ba4 30.Rc1 Ra3 31.Ne2 Nc6 32.Nc3 Nxb4 33.Nb1 c3 34.Nxc3 Na2 35.Nb1 
Rxe3 36.Qxe3 Nxc1 37.Qxc1 Rc8 38.c3 Bb5 39.Qe3 Qa7 40.Rb2 Qa5 41.Kg3 Be8 
42.Qd3 Qc7 43.Rb4 Qa5 44.Rb7 Bc6 45.Re7 Re8 46.Rxe8+ Bxe8 47.Nd2 Qa1 48.
Qe3 Qa2 49.f4 Qc2 50.Nf3 Bb5 51.Qd2 1/2-1/2

[Event "41st World U20 ch"]
[Site "Panaji IND"]
[Date "2002.12.16"]
[Round "9.3"]
[White "Inarkiev, Ernesto"]
[Black "McShane, Luke"]
[Result "1/2-1/2"]
[WhiteElo "2556"]
[BlackElo "2546"]
[EventDate "2002.12.09"]
[PlyCount "101"]

1.e4 c5 2.Nf3 Nc6 3.d4 cxd4 4.Nxd4 Nf6 5.Nc3 e5 6.Ndb5 d6 7.Bg5 a6 8.Na3 
b5 9.Nd5 Qa5+ 10.Bd2 Qd8 11.Nxf6+ Qxf6 12.Bd3 Qg6 13.O-O Be7 14.Kh1 O-O 
15.Qe1 Rb8 16.b4 f5 17.f3 f4 18.Qf2 Bd8 19.c4 bxc4 20.Bxc4+ Kh8 21.Bd5 Bb6
22.Qh4 Bd7 23.Rac1 Rbc8 24.Nc4 Bd4 25.Be1 Rb8 26.a3 Rf6 27.Bxc6 Bxc6 28.
Bf2 Bb5 29.Bxd4 exd4 30.Qf2 d3 31.Qd4 Qh5 32.Rfd1 Rh6 33.Qg1 d5 34.exd5 
Qxd5 35.Nb2 Qb3 36.Qd4 Qxa3 37.Nxd3 Bxd3 38.Rc7 Rg8 39.Rxd3 Qa2 40.Rd2 Qe6
41.Rd1 Rf6 42.Rd7 h6 43.h3 Re8 44.Kh2 Qf5 45.Rd8 Rxd8 46.Qxd8+ Kh7 47.Re1 
Rf8 48.Qd6 Rf6 49.Qd8 Rf8 50.Qd6 Rf6 51.Qd8 1/2-1/2

[Event "41st World U20 ch"]
[Site "Panaji IND"]
[Date "2002.12.16"]
[Round "9.4"]
[White "Ganguly, Surya Shekhar"]
[Black "Bu Xiangzhi"]
[Result "1-0"]
[WhiteElo "2531"]
[BlackElo "2601"]
[EventDate "2002.12.09"]
[PlyCount "68"]

1.e4 c5 2.Nf3 d6 3.d4 cxd4 4.Nxd4 Nf6 5.Nc3 g6 6.Be3 Bg7 7.f3 O-O 8.Qd2 
Nc6 9.Bc4 Bd7 10.O-O-O Rb8 11.Bb3 Ne5 12.f4 Neg4 13.Bg1 b5 14.h3 b4 15.
hxg4 bxc3 16.Qxc3 Rc8 17.Qg3 Bxg4 18.Re1 Qa5 19.Be3 h5 20.Bd2 Qb6 21.Bc3 
e5 22.Nf3 Rxc3 23.bxc3 Qc5 24.fxe5 dxe5 25.Kb2 a5 26.Qxe5 Nd5 27.Qxd5 
Qxc3+ 28.Kc1 a4 29.e5 Qc7 30.Re4 Be6 31.Rhh4 Ra8 32.Qd4 Qa7 33.Qc4 Qc7 34.
Kd1 Bh6 1-0

[Event "41st World U20 ch"]
[Site "Panaji IND"]
[Date "2002.12.16"]
[Round "9.5"]
[White "Mastrovasilis, Dimitrios"]
[Black "Berkes, Ferenc"]
[Result "0-1"]
[WhiteElo "2461"]
[BlackElo "2545"]
[EventDate "2002.12.09"]
[PlyCount "60"]

1.e4 c5 2.Nf3 d6 3.d4 cxd4 4.Nxd4 Nf6 5.Nc3 a6 6.Be3 e5 7.Nb3 Be7 8.f3 Be6
9.Qd2 O-O 10.O-O-O Qc7 11.g4 Rc8 12.Kb1 Nbd7 13.Qf2 b5 14.g5 Nh5 15.Nd5 
Bxd5 16.Rxd5 Rcb8 17.h4 Nb6 18.Rd1 Nc4 19.Bxc4 bxc4 20.Nc1 a5 21.c3 a4 22.
Qc2 d5 23.Rxd5 Ba3 24.Rh2 Bxb2 25.Qxb2 a3 26.Qb4 Rxb4+ 27.cxb4 Rb8 28.b5 
Qa5 29.Rhd2 Rxb5+ 30.Nb3 h6 0-1

[Event "41st World U20 ch"]
[Site "Panaji IND"]
[Date "2002.12.16"]
[Round "9.6"]
[White "Ni Hua"]
[Black "Wojtaszek, Radoslaw"]
[Result "0-1"]
[WhiteElo "2545"]
[BlackElo "2452"]
[EventDate "2002.12.09"]
[PlyCount "102"]

1.e4 c5 2.Nf3 d6 3.d4 cxd4 4.Nxd4 Nf6 5.Nc3 Nc6 6.Bg5 e6 7.Qd2 a6 8.O-O-O 
Nxd4 9.Qxd4 Be7 10.f3 Qc7 11.Kb1 b5 12.h4 Rb8 13.Qd2 b4 14.Ne2 h6 15.Be3 
d5 16.e5 Nd7 17.f4 Nc5 18.Nd4 Ne4 19.Qe1 a5 20.Bd3 h5 21.g4 hxg4 22.Bxe4 
dxe4 23.Qe2 Kf8 24.Qxg4 a4 25.h5 Rh7 26.Bf2 a3 27.h6 g6 28.Bh4 Bxh4 29.
Qxh4 Bb7 30.Qf6 Qe7 31.b3 Bd5 32.Rh3 Rc8 33.Qg5 Qxg5 34.fxg5 Rc5 35.Rf1 
Ke7 36.c3 Bb7 37.cxb4 Rxe5 38.Rc3 Kd7 39.Rfc1 Rd5 40.Rc7+ Kd6 41.Rxb7 Rxd4
42.Rc4 Rd1+ 43.Rc1 Rd5 44.Rb6+ Ke5 45.Rc5 Kf4 46.Kc2 Kxg5 47.Rd6 Rxh6 48.
Rdxd5+ exd5 49.Rxd5+ Kf4 50.b5 g5 51.Rd8 Ke5 0-1

[Event "41st World U20 ch"]
[Site "Panaji IND"]
[Date "2002.12.16"]
[Round "9.7"]
[White "Miton, Kamil"]
[Black "Paragua, Mark"]
[Result "1-0"]
[WhiteElo "2564"]
[BlackElo "2476"]
[EventDate "2002.12.09"]
[PlyCount "87"]

1.d4 Nf6 2.c4 g6 3.Nc3 Bg7 4.e4 d6 5.f3 O-O 6.Bg5 c5 7.d5 e6 8.Qd2 exd5 9.
cxd5 a6 10.a4 h6 11.Be3 Re8 12.Nge2 Nbd7 13.Nc1 Ne5 14.Be2 Nh7 15.O-O h5 
16.Rb1 f5 17.b4 b6 18.N1a2 Nf6 19.a5 fxe4 20.fxe4 cxb4 21.Nxb4 b5 22.Nc6 
Qc7 23.Bb6 Qd7 24.Bd4 Bb7 25.Nxe5 dxe5 26.Bc5 Rac8 27.Bb4 Kh7 28.Rf3 Rxc3 
29.Qxc3 Nxe4 30.Qe3 Nf6 31.Rd1 Nxd5 32.Qf2 Kg8 33.Bc5 Qe6 34.Ra3 Nf4 35.
Bf1 Rc8 36.Bb4 Qg4 37.Re1 Ne6 38.Bd6 Ng5 39.Rg3 Qe6 40.Bxe5 Ne4 41.Bxg7 
Kxg7 42.Qd4+ Kh6 43.Rge3 Re8 44.Bd3 1-0

[Event "41st World U20 ch"]
[Site "Panaji IND"]
[Date "2002.12.16"]
[Round "9.8"]
[White "Kristjansson, Stefan"]
[Black "Ghaem Maghami, Ehsan"]
[Result "1/2-1/2"]
[WhiteElo "2431"]
[BlackElo "2511"]
[EventDate "2002.12.09"]
[PlyCount "104"]

1.e4 c5 2.c3 Nf6 3.e5 Nd5 4.d4 cxd4 5.Nf3 Nc6 6.cxd4 d6 7.Bc4 e6 8.O-O 
dxe5 9.dxe5 Nb6 10.Qxd8+ Nxd8 11.Bd3 Bd7 12.Nc3 Nc6 13.Be3 O-O-O 14.Rfd1 
h6 15.a3 Kb8 16.b4 Be7 17.Rd2 Bc8 18.Rad1 Nd7 19.Bb5 Nb6 20.Bc5 Bxc5 21.
bxc5 Rxd2 22.Rxd2 Nd7 23.Bxc6 bxc6 24.Ne4 Kc7 25.h4 Ba6 26.Rb2 Rd8 27.Rb4 
Bd3 28.Nd6 Nxc5 29.Nxf7 Rf8 30.Nd6 a5 31.Rg4 g6 32.Nd4 h5 33.Rg3 Rf4 34.
Rxd3 Nxd3 35.Nxe6+ Kd7 36.Nxf4 Nxf4 37.Nc4 a4 38.g3 Ne2+ 39.Kf1 Nd4 40.
Nb6+ Ke6 41.f4 Nb5 42.Nxa4 Nxa3 43.Ke2 Nc4 44.Kd3 Na5 45.Ke4 Nb3 46.Nc3 
Nd2+ 47.Ke3 Nb3 48.Ne2 Kd5 49.Nc3+ Kc4 50.Ne2 Kd5 51.Kd3 Nc5+ 52.Ke3 Nb3 
1/2-1/2

[Event "41st World U20 ch"]
[Site "Panaji IND"]
[Date "2002.12.16"]
[Round "9.9"]
[White "Potkin, Vladimir"]
[Black "Prathamesh, Sunil Mokal"]
[Result "1-0"]
[WhiteElo "2495"]
[BlackElo "2335"]
[EventDate "2002.12.09"]
[PlyCount "55"]

1.e4 c5 2.Nf3 e6 3.c3 Nf6 4.e5 Nd5 5.d4 cxd4 6.cxd4 b6 7.Nc3 Nxc3 8.bxc3 
Qc7 9.Bd2 Bb7 10.Bd3 d6 11.O-O Nd7 12.Ng5 dxe5 13.f4 exd4 14.cxd4 Be7 15.
f5 exf5 16.Rxf5 Qd6 17.Kh1 Qxd4 18.Qf1 O-O-O 19.Bc3 Qg4 20.Nxf7 Nc5 21.
Rxc5+ Kb8 22.Rc4 Qh3 23.Be5+ Ka8 24.Nxd8 Rf8 25.Rf4 Rxd8 26.Be4 Bxe4 27.
Rxe4 Qe6 28.Qf3 1-0

[Event "41st World U20 ch"]
[Site "Panaji IND"]
[Date "2002.12.16"]
[Round "9.10"]
[White "Erenburg, Sergey"]
[Black "Smerdon, David"]
[Result "1/2-1/2"]
[WhiteElo "2494"]
[BlackElo "2382"]
[EventDate "2002.12.09"]
[PlyCount "20"]

1.e4 Nf6 2.e5 Nd5 3.d4 d6 4.Nf3 c6 5.c4 Nc7 6.Be2 dxe5 7.Nxe5 g6 8.O-O Bg7
9.f4 Nd7 10.Nc3 c5 1/2-1/2

[Event "41st World U20 ch"]
[Site "Panaji IND"]
[Date "2002.12.16"]
[Round "9.11"]
[White "Neelotpal, Das"]
[Black "Sadykov, Rustem"]
[Result "1-0"]
[WhiteElo "2374"]
[BlackElo "2400"]
[EventDate "2002.12.09"]
[PlyCount "85"]

1.e4 c5 2.Nf3 d6 3.d4 cxd4 4.Nxd4 Nf6 5.Nc3 a6 6.Be2 e5 7.Nb3 Be7 8.O-O 
O-O 9.Kh1 b6 10.Be3 Bb7 11.f3 b5 12.a4 b4 13.Nd5 Nxd5 14.exd5 Nd7 15.c4 
bxc3 16.bxc3 Bg5 17.Bf2 Qc7 18.c4 Rab8 19.Ra2 Ba8 20.Qd3 Rb4 21.Rd1 Rfb8 
22.Nd2 Bxd2 23.Qxd2 Nc5 24.a5 h6 25.Qe1 Rb3 26.Raa1 e4 27.Bd4 Re8 28.Qg3 
f5 29.Qg6 Rf8 30.Rab1 Rxb1 31.Rxb1 Nd3 32.g3 Qe7 33.f4 Nc5 34.Rb6 Nb7 35.
Rxa6 e3 36.Kg1 Nc5 37.Qxd6 Qe4 38.Bxc5 Re8 39.Qd7 Qb1+ 40.Kg2 Rb8 41.Qe6+ 
Kh8 42.Bd4 Qb3 43.Bf1 1-0

[Event "41st World U20 ch"]
[Site "Panaji IND"]
[Date "2002.12.16"]
[Round "9.12"]
[White "Poobesh Anand, Selvaraj"]
[Black "Sandipan, Chanda"]
[Result "1-0"]
[WhiteElo "2351"]
[BlackElo "2510"]
[EventDate "2002.12.09"]
[PlyCount "71"]

1.d4 Nf6 2.c4 e6 3.Nc3 Bb4 4.e3 O-O 5.Bd3 d5 6.Nf3 c5 7.O-O Nc6 8.a3 Bxc3 
9.bxc3 Qc7 10.Qc2 dxc4 11.Bxc4 b6 12.Bd3 Na5 13.c4 Bb7 14.Ne5 Rfd8 15.Bb2 
cxd4 16.exd4 Rac8 17.Rac1 Qb8 18.Qe2 Qa8 19.Ng4 Nxg4 20.Qxg4 f5 21.Qg5 Rc7
22.d5 Nb3 23.Be5 h6 24.Qg3 Nxc1 25.Bxc7 f4 26.Qg6 Nxd3 27.Bxd8 Qxd8 28.
Qxd3 b5 29.Qe4 exd5 30.Qe6+ Kh8 31.Qf7 Bc6 32.Qe6 Bb7 33.Re1 Qa5 34.cxd5 
Bxd5 35.Qc8+ Kh7 36.Qf5+ 1-0

[Event "41st World U20 ch"]
[Site "Panaji IND"]
[Date "2002.12.16"]
[Round "9.13"]
[White "Jeremic, Veljko"]
[Black "Gozzoli, Yannick"]
[Result "1/2-1/2"]
[WhiteElo "2487"]
[BlackElo "2377"]
[EventDate "2002.12.09"]
[PlyCount "75"]

1.d4 Nf6 2.c4 c6 3.Nf3 d5 4.Qc2 dxc4 5.Qxc4 Bf5 6.g3 e6 7.Bg2 Be7 8.O-O 
Nbd7 9.Nc3 O-O 10.e3 b5 11.Qe2 b4 12.Na4 Qa5 13.b3 Qb5 14.Qd1 Be4 15.Bb2 
Nb6 16.a3 Nxa4 17.bxa4 Qd5 18.axb4 Bxb4 19.Nh4 Bxg2 20.Nxg2 Rfd8 21.Nf4 
Qf5 22.Rc1 c5 23.Nd3 Rab8 24.Qe2 cxd4 25.Bxd4 a5 26.Ne5 Re8 27.Nc6 Rbc8 
28.Qb5 Nd5 29.Nxb4 axb4 30.Rxc8 Rxc8 31.a5 Nc3 32.Qb7 Ne2+ 33.Kg2 Qd5+ 34.
Qxd5 exd5 35.Rb1 Nxd4 36.exd4 Rd8 37.a6 f6 38.a7 1/2-1/2

[Event "41st World U20 ch"]
[Site "Panaji IND"]
[Date "2002.12.16"]
[Round "9.14"]
[White "Satyapragyan, Swayangsu"]
[Black "Sharma, R. Preetham"]
[Result "1/2-1/2"]
[WhiteElo "2436"]
[BlackElo "2311"]
[EventDate "2002.12.09"]
[PlyCount "97"]

1.e4 c5 2.Nf3 d6 3.d4 cxd4 4.Nxd4 Nf6 5.Nc3 g6 6.Be2 Bg7 7.O-O O-O 8.Bg5 
h6 9.Bh4 Nc6 10.Nb3 a6 11.f4 Re8 12.Bf3 Bd7 13.Qd2 Rc8 14.Rad1 Be6 15.Nd5 
Bxd5 16.exd5 Nb8 17.Kh1 Nbd7 18.Na5 Qc7 19.c4 Nb8 20.Rc1 Nfd7 21.b4 b6 22.
Nb3 Bf6 23.Bg3 Qb7 24.h4 Kh8 25.Bf2 Nf8 26.Nd4 Rc7 27.h5 Qc8 28.hxg6 fxg6 
29.Qe2 h5 30.Ne6 Nxe6 31.dxe6 b5 32.c5 dxc5 33.Bxc5 Kg7 34.Qe4 a5 35.Be2 
Qb7 36.Qxb7 Rxb7 37.bxa5 Rd8 38.Bb6 Rd6 39.Bf3 Rbxb6 40.axb6 Rxb6 41.Rc8 
Na6 42.Rc6 Rxc6 43.Bxc6 b4 44.Bd5 Bc3 45.Rf3 Nc5 46.Rg3 Kf6 47.a4 h4 48.
Rg4 b3 49.Rxh4 1/2-1/2

[Event "41st World U20 ch"]
[Site "Panaji IND"]
[Date "2002.12.16"]
[Round "9.15"]
[White "Bromberger, Stefan"]
[Black "Lim Yee Weng"]
[Result "1/2-1/2"]
[WhiteElo "2414"]
[BlackElo "2202"]
[EventDate "2002.12.09"]
[PlyCount "39"]

1.e4 c5 2.Nf3 d6 3.d4 cxd4 4.Nxd4 Nf6 5.Nc3 g6 6.Be3 Bg7 7.f3 Nc6 8.Qd2 
O-O 9.Bc4 Bd7 10.O-O-O Ne5 11.Bb3 Qa5 12.h4 Rfc8 13.h5 Rxc3 14.bxc3 Nxh5 
15.Kb1 Nf6 16.Bh6 Bxh6 17.Qxh6 Rc8 18.g4 Qxc3 19.Qd2 Qxd2 20.Rxd2 1/2-1/2

[Event "41st World U20 ch"]
[Site "Panaji IND"]
[Date "2002.12.16"]
[Round "9.16"]
[White "Bar, Roman"]
[Black "Roy Chowdhury, Saptarshi"]
[Result "1/2-1/2"]
[WhiteElo "2413"]
[BlackElo "2376"]
[EventDate "2002.12.09"]
[PlyCount "57"]

1.e4 c5 2.Nf3 Nc6 3.d4 cxd4 4.Nxd4 e5 5.Nb5 d6 6.c4 Be7 7.N1c3 a6 8.Na3 f5
9.exf5 Bxf5 10.Bd3 Be6 11.O-O Nf6 12.Bg5 O-O 13.Nc2 Ng4 14.Be3 Bg5 15.b3 
Bxe3 16.Nxe3 Qh4 17.Nxg4 Bxg4 18.f3 Be6 19.Be4 Rad8 20.Qd2 Kh8 21.Rad1 Qe7
22.Qe3 Qc7 23.Nd5 Bxd5 24.Bxd5 Nd4 25.Kh1 Rf6 26.Qd2 Rdf8 27.Rfe1 b6 28.
Re4 a5 29.Rde1 1/2-1/2

[Event "41st World U20 ch"]
[Site "Panaji IND"]
[Date "2002.12.16"]
[Round "9.18"]
[White "Perez Candelario, Manuel"]
[Black "Annaberdiev, Meilis"]
[Result "0-1"]
[WhiteElo "2408"]
[BlackElo "2305"]
[EventDate "2002.12.09"]
[PlyCount "100"]

1.e4 d6 2.d4 Nf6 3.Nc3 g6 4.f3 c6 5.Be3 b5 6.Qd2 Nbd7 7.g4 Qa5 8.g5 Ng8 9.
a3 Bg7 10.Nge2 Bb7 11.Bg2 Qc7 12.f4 Nb6 13.b3 h6 14.O-O a6 15.a4 e6 16.
axb5 cxb5 17.Qd3 Rc8 18.f5 e5 19.fxg6 fxg6 20.Rac1 exd4 21.Nd5 Nxd5 22.
exd5 Ne7 23.gxh6 Rxh6 24.Nxd4 Rh5 25.c4 Be5 26.h3 Nf5 27.Nxf5 gxf5 28.Rxf5
Rxf5 29.Qxf5 Qf7 30.Qg4 Qg7 31.Bg5 Qd7 32.Qh4 Qg7 33.Rf1 Kd7 34.Qg4+ Kc7 
35.h4 Kb8 36.Kh1 Rh8 37.Be4 Bc8 38.Bf5 Rf8 39.Qe4 Rf7 40.cxb5 axb5 41.Qd3 
Ba6 42.Be6 Rc7 43.Qe3 Kb7 44.Qf3 b4 45.Re1 Rc2 46.Re4 Rh2+ 47.Kg1 Rb2 48.
Rxb4+ Ka7 49.Kh1 Rh2+ 50.Kg1 Rb2 0-1

[Event "41st World U20 ch"]
[Site "Panaji IND"]
[Date "2002.12.16"]
[Round "9.19"]
[White "Azarov, Sergei"]
[Black "Carlsson, Pontus"]
[Result "1-0"]
[WhiteElo "2520"]
[BlackElo "2376"]
[EventDate "2002.12.09"]
[PlyCount "128"]

1.e4 c5 2.Nf3 d6 3.d4 Nf6 4.Nc3 cxd4 5.Nxd4 g6 6.Be3 Bg7 7.f3 O-O 8.Qd2 
Nc6 9.O-O-O d5 10.Kb1 Nxd4 11.e5 Nf5 12.exf6 Bxf6 13.Nxd5 Qxd5 14.Qxd5 
Nxe3 15.Qd2 Nxd1 16.Qxd1 Be6 17.Bd3 Rfd8 18.Qe2 Rd4 19.a3 Rad8 20.g4 b5 
21.Rc1 a6 22.Qd2 Bc4 23.g5 Be5 24.Qa5 Bf4 25.Re1 Bxd3 26.cxd3 Bxg5 27.Qxa6
R8d5 28.Re4 Rxd3 29.Rb4 Rd1+ 30.Ka2 Bf6 31.Rxb5 Rd8 32.a4 Rc1 33.Qb7 Rc4 
34.Kb3 Rf4 35.a5 Rd3+ 36.Kc2 Rdxf3 37.a6 Rf2+ 38.Kb1 Rf1+ 39.Ka2 Ra4+ 40.
Kb3 Rfa1 41.Qc8+ Kg7 42.Rb8 g5 43.Qf8+ Kg6 44.Qg8+ Kh6 45.Qf8+ Kg6 46.Qg8+
Kh6 47.Qxf7 R4a2 48.Qf8+ Kg6 49.Qe8+ Kh6 50.Qf8+ Kg6 51.Qg8+ Kh6 52.Kc2 
Rxa6 53.Rb3 R1a4 54.Rh3+ Rh4 55.Rxh4+ gxh4 56.b4 Rc6+ 57.Kd3 Rc3+ 58.Ke4 
Rc2 59.b5 Rxh2 60.Qf8+ Kg5 61.Qc8 Re2+ 62.Kf3 Rb2 63.b6 Rb3+ 64.Ke2 h3 1-0

[Event "41st World U20 ch"]
[Site "Panaji IND"]
[Date "2002.12.16"]
[Round "9.20"]
[White "Soumya, Ranjan Mishra"]
[Black "Jirka, Jiri"]
[Result "0-1"]
[WhiteElo "2207"]
[BlackElo "2378"]
[EventDate "2002.12.09"]
[PlyCount "108"]

1.e4 e5 2.Nf3 Nc6 3.Nc3 Nf6 4.d4 exd4 5.Nxd4 Bb4 6.Nxc6 bxc6 7.Bd3 d5 8.
exd5 cxd5 9.O-O O-O 10.Bg5 Be6 11.Na4 h6 12.Bh4 Be7 13.Re1 Rb8 14.c3 Nd7 
15.Bxe7 Qxe7 16.Bc2 Qg5 17.Qd3 g6 18.Qg3 Qxg3 19.hxg3 Kg7 20.b4 c5 21.a3 
Rfc8 22.Red1 d4 23.bxc5 dxc3 24.Rd3 Nxc5 25.Rxc3 Nd7 26.Rc1 Rxc3 27.Nxc3 
Ne5 28.a4 Rb2 29.Nd1 Rb7 30.Rb1 Rxb1 31.Bxb1 Bb3 32.Nb2 a5 33.f3 Nc4 34.
Nxc4 Bxc4 35.Be4 Kf6 36.Kf2 Ke5 37.Ke3 Kd6 38.Bc2 Kc5 39.Ke4 Kb4 40.Ke5 
Bb3 41.Bxb3 Kxb3 42.Kd4 Kb4 43.g4 f5 44.gxf5 gxf5 45.f4 Kxa4 46.Kc4 Ka3 
47.Kc3 Ka2 48.g4 fxg4 49.f5 g3 50.f6 g2 51.f7 g1=Q 52.f8=Q Qe3+ 53.Kc4 
Qb3+ 54.Kd4 Qb4+ 0-1

[Event "41st World U20 ch"]
[Site "Panaji IND"]
[Date "2002.12.16"]
[Round "9.21"]
[White "Vioreanu, Bogdan"]
[Black "Leong Chee Ming, Luke"]
[Result "1/2-1/2"]
[WhiteElo "2379"]
[BlackElo "2297"]
[EventDate "2002.12.09"]
[PlyCount "86"]

1.d4 Nf6 2.c4 e6 3.Nf3 b6 4.Nc3 Bb7 5.Bg5 Bb4 6.Nd2 h6 7.Bh4 c5 8.a3 Bxc3 
9.bxc3 O-O 10.f3 d6 11.e4 e5 12.Be2 Nbd7 13.Nf1 Qc7 14.d5 Nh5 15.Ne3 g6 
16.Qc2 Nf4 17.Bf1 Rfb8 18.Bf2 Nf6 19.g3 N4h5 20.Ng2 Bc8 21.Qd2 Kh7 22.Be3 
Ng8 23.Bd3 Bd7 24.f4 exf4 25.gxf4 f5 26.Qc2 Ng7 27.Nh4 Qd8 28.Bf2 Qf6 29.
O-O-O fxe4 30.Bxe4 Ne7 31.Rhg1 Ngf5 32.Nxf5 Bxf5 33.Rde1 Re8 34.Kb2 Qf7 
35.Re2 Bxe4 36.Rxe4 Nf5 37.Rge1 Ng7 38.Bh4 Rxe4 39.Rxe4 Re8 40.Qe2 Kg8 41.
Rxe8+ Qxe8 42.Qxe8+ Nxe8 43.Kc2 Kf7 1/2-1/2

[Event "41st World U20 ch"]
[Site "Panaji IND"]
[Date "2002.12.16"]
[Round "9.22"]
[White "Jagadish, H. D."]
[Black "Collins, Sam"]
[Result "1-0"]
[WhiteElo "2130"]
[BlackElo "2372"]
[EventDate "2002.12.09"]
[PlyCount "91"]

1.e4 c5 2.Nf3 e6 3.c3 Nf6 4.e5 Nd5 5.d4 cxd4 6.cxd4 d6 7.Nc3 Nxc3 8.bxc3 
Nc6 9.exd6 Bxd6 10.Bd3 Qa5 11.Bd2 Qh5 12.O-O O-O 13.Re1 Ne7 14.Rb1 a6 15.
c4 b5 16.Ne5 Qxd1 17.Rexd1 Ra7 18.cxb5 axb5 19.Bxb5 Rxa2 20.Nc4 Nf5 21.
Nxd6 Nxd6 22.Bb4 Rd8 23.Bxd6 Rxd6 24.Rdc1 Rd8 25.Rc7 g5 26.Rbc1 Ba6 27.Ra7
Rd6 28.h3 Ra5 29.Be8 f6 30.Rcc7 Rxd4 31.Ra8 Ra1+ 32.Kh2 Rad1 33.Rxa6 Rd6 
34.Bf7+ Kg7 35.Bxe6+ Kg6 36.Rxd6 Rxd6 37.Bg8 g4 38.hxg4 Kg5 39.f3 h6 40.
Bh7 Rd5 41.Kg3 h5 42.gxh5 Kxh5 43.Be4 Rg5+ 44.Kf2 Ra5 45.g4+ Kg5 46.Kg3 
1-0

[Event "41st World U20 ch"]
[Site "Panaji IND"]
[Date "2002.12.16"]
[Round "9.23"]
[White "Deepan Chakravarthy, Jeyakumar"]
[Black "Kjartansson, David"]
[Result "1-0"]
[WhiteElo "2355"]
[BlackElo "2224"]
[EventDate "2002.12.09"]
[PlyCount "79"]

1.Nf3 Nf6 2.c4 c6 3.b3 d5 4.Bb2 Bf5 5.g3 e6 6.Bg2 Nbd7 7.O-O Bd6 8.d3 Qe7 
9.Nh4 Bg6 10.Nd2 Bh5 11.a3 g5 12.Nhf3 Rg8 13.b4 Bxf3 14.Nxf3 h5 15.Qc2 h4 
16.e4 dxe4 17.dxe4 Ng4 18.c5 Bc7 19.Rac1 hxg3 20.hxg3 Nde5 21.Nxe5 Nxe5 
22.Rfd1 g4 23.Qe2 Qg5 24.b5 a6 25.bxc6 bxc6 26.Bxe5 Qxe5 27.Qd3 Ke7 28.
Qd7+ Kf6 29.Qxc6 Rab8 30.Qxa6 Rb2 31.Rd5 Ra8 32.Qc6 Rc2 33.Rxc2 Qa1+ 34.
Bf1 Rh8 35.Rf5+ Kg6 36.Qxc7 exf5 37.exf5+ Kg7 38.Qf4 Qd1 39.Qg5+ Kf8 40.
Rd2 1-0

[Event "41st World U20 ch"]
[Site "Panaji IND"]
[Date "2002.12.16"]
[Round "9.24"]
[White "Poliakov, Dmitry"]
[Black "Glinert, Stephen"]
[Result "0-1"]
[WhiteElo "2290"]
[BlackElo "2351"]
[EventDate "2002.12.09"]
[PlyCount "178"]

1.c4 Nf6 2.Nc3 d5 3.cxd5 Nxd5 4.e4 Nxc3 5.bxc3 g6 6.Nf3 Bg7 7.Bc4 Nc6 8.
O-O O-O 9.d4 b6 10.Bd5 Bb7 11.Ba3 Na5 12.Bxb7 Nxb7 13.Qe2 c5 14.Rac1 Qd7 
15.Qa6 Rfd8 16.h3 e6 17.Rb1 Qc6 18.Rfe1 Nd6 19.e5 Nb7 20.Bc1 Na5 21.Rb5 
Qc8 22.Qxc8 Raxc8 23.dxc5 Rd5 24.Be3 Bf8 25.a4 Bxc5 26.Bh6 Rd7 27.Nd2 Be7 
28.Ne4 Rc4 29.Rbb1 Nc6 30.Nf6+ Bxf6 31.exf6 Rh4 32.Bg7 Rh5 33.c4 Rc5 34.
Red1 Rd4 35.Rxd4 Nxd4 36.Bh6 Rxc4 37.a5 Rc6 38.axb6 Rxb6 39.Ra1 a6 40.Rd1 
Rd6 41.Rb1 Rd8 42.Kh2 Ra8 43.Bd2 h5 44.Rb4 Nc6 45.Rb6 Ne5 46.Bc3 Nd3 47.f3
Nf4 48.Ba1 Nd5 49.Rb7 a5 50.h4 a4 51.g4 hxg4 52.fxg4 Rc8 53.h5 gxh5 54.
gxh5 Rc4 55.Rb8+ Kh7 56.Rf8 Rc7 57.Kg3 Ra7 58.Bd4 Rb7 59.Ra8 Rb3+ 60.Kf2 
Rb4 61.Bc5 Rc4 62.Be7 Nxf6 63.Rf8 Rf4+ 64.Ke2 Nxh5 65.Bd6 Re4+ 66.Kf3 f5 
67.Ba3 Kg6 68.Rg8+ Kf7 69.Rf8+ Kg7 70.Ra8 Nf6 71.Bb2 Kg6 72.Rf8 e5 73.Ra8 
Ng4 74.Ra6+ Kf7 75.Bc1 Rc4 76.Bb2 Rb4 77.Bc1 Rc4 78.Bb2 Rc2 79.Bxe5 Nxe5+ 
80.Kf4 Nd3+ 81.Kxf5 Nc5 82.Ra7+ Ke8 83.Ke5 Kd8 84.Kd6 Kc8 85.Kc6 Kb8 86.
Rh7 a3 87.Kb6 Na4+ 88.Ka5 a2 89.Rh1 Nc3 0-1

[Event "41st World U20 ch"]
[Site "Panaji IND"]
[Date "2002.12.16"]
[Round "9.25"]
[White "Asauskas, Henrikas"]
[Black "Ravichandran, Siddharth"]
[Result "1-0"]
[WhiteElo "2331"]
[BlackElo "2223"]
[EventDate "2002.12.09"]
[PlyCount "79"]

1.e4 c5 2.Nf3 d6 3.d4 cxd4 4.Nxd4 Nf6 5.Nc3 a6 6.Bc4 e6 7.Bb3 Be7 8.g4 g6 
9.g5 Nh5 10.Rg1 Nc6 11.Be3 Bd7 12.f4 Ng7 13.Qf3 Na5 14.O-O-O Nxb3+ 15.cxb3
Qc7 16.Kb1 O-O 17.h4 Nh5 18.f5 b5 19.Nce2 d5 20.f6 dxe4 21.Qxe4 Bc5 22.Rc1
e5 23.Qd5 Rac8 24.b4 exd4 25.Rxc5 Bc6 26.Qxd4 Qh2 27.Nc3 Rcd8 28.Qg4 Bd7 
29.Qf3 Rfe8 30.Nd5 Bf5+ 31.Kc1 Kh8 32.Ne7 Be6 33.Kb1 Qxh4 34.Nc6 Bf5+ 35.
Rxf5 gxf5 36.Nxd8 Rxd8 37.Rh1 Qxb4 38.Qxh5 Qe4+ 39.Ka1 f4 40.Bxf4 1-0

[Event "41st World U20 ch"]
[Site "Panaji IND"]
[Date "2002.12.16"]
[Round "9.26"]
[White "Li Qun"]
[Black "Gopal, Geetha Narayanan"]
[Result "1-0"]
[WhiteElo "2320"]
[BlackElo "2174"]
[EventDate "2002.12.09"]
[PlyCount "81"]

1.e4 c5 2.Nf3 Nc6 3.c3 d5 4.exd5 Qxd5 5.d4 Bg4 6.Be2 e6 7.h3 Bh5 8.c4 Qd7 
9.d5 exd5 10.cxd5 Bxf3 11.Bxf3 Nd4 12.O-O Nxf3+ 13.Qxf3 Bd6 14.Bg5 Ne7 15.
Bxe7 Qxe7 16.Nd2 O-O 17.Rfe1 Qd7 18.Nc4 Rae8 19.a4 Re7 20.Re3 Rfe8 21.Rae1
Kf8 22.b3 b6 23.g3 Qc7 24.Kg2 a6 25.Rxe7 Rxe7 26.Rxe7 Kxe7 27.Qe4+ Kd7 28.
Qg4+ Kd8 29.Qxg7 Qe7 30.Qxh7 b5 31.axb5 axb5 32.Ne3 Kc7 33.Qd3 Kb6 34.h4 
Qe5 35.Nf5 Ka5 36.Nxd6 Qxd6 37.Qd2+ Kb6 38.h5 c4 39.Qd4+ Qc5 40.Qxc5+ Kxc5
41.bxc4 1-0

[Event "41st World U20 ch"]
[Site "Panaji IND"]
[Date "2002.12.16"]
[Round "9.27"]
[White "Rohit, Gogineni"]
[Black "Akshayraj, Kore"]
[Result "1-0"]
[WhiteElo "2319"]
[BlackElo "2167"]
[EventDate "2002.12.09"]
[PlyCount "68"]

1.e4 c5 2.Nf3 Nc6 3.Nc3 d6 4.Bb5 e5 5.O-O Be7 6.a3 Bd7 7.d3 Nf6 8.Ne1 O-O 
9.f4 Bg4 10.Qd2 exf4 11.Bxc6 bxc6 12.Qxf4 Be6 13.h3 Nd7 14.Nf3 Rb8 15.Ne2 
f5 16.exf5 Bxf5 17.Qa4 Qc7 18.Ng3 Bg6 19.Qg4 Bf6 20.Bf4 Rfe8 21.Rae1 Nf8 
22.b3 Rxe1 23.Rxe1 Rd8 24.Bg5 Bxg5 25.Qxg5 d5 26.Nh4 Re8 27.Rxe8 Bxe8 28.
Qe3 Bf7 29.Ngf5 Ne6 30.Nf3 d4 31.Qe4 Nd8 32.Ng5 h6 33.Ne7+ Kf8 34.Nh7+ Ke8
1-0

[Event "41st World U20 ch"]
[Site "Panaji IND"]
[Date "2002.12.16"]
[Round "9.28"]
[White "Darban, Varighan"]
[Black "Sriram, Sarja"]
[Result "1-0"]
[WhiteElo "2310"]
[BlackElo "2100"]
[EventDate "2002.12.09"]
[PlyCount "152"]

1.e4 c5 2.Nf3 d6 3.d4 cxd4 4.Nxd4 Nf6 5.Nc3 a6 6.Bc4 e6 7.a3 b5 8.Ba2 Qc7 
9.O-O Nc6 10.Nxc6 Qxc6 11.Re1 Be7 12.Bg5 Qc5 13.Be3 Qc7 14.Qf3 O-O 15.Rad1
Bb7 16.Bf4 Rfd8 17.Rd2 Nd7 18.Red1 Ne5 19.Qg3 Bc6 20.Bg5 Rab8 21.Bxe7 Qxe7
22.Rd4 Be8 23.R1d2 a5 24.Bb3 b4 25.axb4 Rxb4 26.h3 Rxd4 27.Rxd4 Qc7 28.Qe3
Qc5 29.Qd2 Kf8 30.Nd1 h6 31.Ne3 Nc6 32.Rc4 Qg5 33.Qc3 Nb4 34.Rc7 Na6 35.
Ra7 Nc5 36.Rxa5 Nxe4 37.Qc7 Rd7 38.Rxg5 Rxc7 39.Ra5 d5 40.Ra8 Nc5 41.Ba2 
Rb7 42.Nd1 Ke7 43.Ra5 Ne4 44.c3 Nd6 45.Kf1 Bb5+ 46.Ke1 Bc4 47.Bxc4 Nxc4 
48.Ra2 Kd6 49.Ke2 Ke5 50.Kd3 f6 51.Kc2 Kd6 52.Ra6+ Ke5 53.b3 Nb6 54.Ne3 f5
55.Ra5 Kd6 56.c4 dxc4 57.bxc4 Rc7 58.Kd3 f4 59.Ra6 Kc5 60.Ra5+ Kd6 61.Ra6 
Kc5 62.Ra5+ Kd6 63.Rb5 Nd7 64.Ng4 e5 65.f3 Nc5+ 66.Kc3 e4 67.fxe4 Nxe4+ 
68.Kd4 Nc5 69.Rb6+ Ke7 70.Kd5 Nd3 71.Re6+ Kf7 72.Re4 Kg6 73.Kd6 Kf5 74.Rd4
Rc8 75.Kd7 Rc5 76.Rxd3 Rxc4 1-0